000 00568nam a2200193 i 4500
001 120341
003 ES-MaACL
005 20230906191527.0
007 t|
008 070214s1978 sp r ||||1| spa d
245 0 3 _aLa poesía ruso-soviética /
_cRimma Kazakova ; versión de José Rául Arango.
250 _a1ª. ed.
260 _aBarcelona :
_bPlaza & Janés,
_c1978.
300 _a298 p. :
_bil. ;
_c19 cm.
650 4 _aPoesías rusas.
_9148469
700 1 _aKazakova, Rimma.
_967685
700 1 _aArango, José Rául.
_922304
852 _aES-MaACL
_jA-9153
999 _c120341
_d120341